[Event "XII C.to Europeo Seniores"]
[Site "Kaunas LTU"]
[Date "2012.08.18"]
[Round "1"]
[White "Deiana, Giacomo"]
[Black "Romcovici, Victor"]
[WhiteElo "1679"]
[BlackElo "2146"]
[Result "0-1"]
[PlyCount "58"]
[EventDate "2012.08.18"]

1. c4 e5 2. Nc3 Nc6 3. g3 g6 4. Bg2 Bg7 5. Nf3 d6 6. d3 f5 7. O-O Nf6 8. Bg5 h6
9. Bxf6 Qxf6 10. Nd5 Qf7 11. e3 O-O 12. Rb1 Nd8 13. Nd2 c6 14. Nc3 Be6 15. Qc2
d5 16. b4 dxc4 17. dxc4 Bxc4 18. Nxc4 Qxc4 19. Qb3 Qxb3 20. Rxb3 e4 21. f3 exf3
22. Bxf3 Ne6 23. Ne2 Ng5 24. Nf4 Nxf3+ 25. Rxf3 Kf7 26. b5 c5 27. Rf1 c4 28.
Rbb1 Rfe8 29. Nd5 Rad8 0-1

[Event "XII C.to Europeo Seniores"]
[Site "Kaunas LTU"]
[Date "2012.08.18"]
[Round "1"]
[White "Guaglianone, Mario"]
[Black "Mochalov, Evgeny V."]
[WhiteElo "2027"]
[BlackElo "2394"]
[Result "0-1"]
[PlyCount "82"]
[EventDate "2012.08.18"]

1. Nf3 c5 2. g3 g6 3. Bg2 Bg7 4. O-O Nc6 5. e4 e5 6. Nc3 Nge7 7. d3 d6 8. Be3
O-O 9. Qd2 Nd4 10. Ne1 Be6 11. Nd5 Nxd5 12. exd5 Bd7 13. f4 Nf5 14. fxe5 Nxe3
15. Qxe3 Bxe5 16. c3 Qb6 17. Qd2 Bg7 18. Nf3 Rae8 19. Rfe1 Bf5 20. a3 Bxd3 21.
h4 Be4 22. Kh2 Qd8 23. Rf1 Re7 24. Rf2 Rfe8 25. Raf1 Bxf3 26. Bxf3 Re3 27. Re2
Rxe2+ 28. Bxe2 Re5 29. Bf3 Qe7 30. Rf2 h5 31. Re2 Kh7 32. Kg2 Bh6 33. Qd3 Rxe2+
34. Bxe2 Kg7 35. b3 Bc1 36. a4 Qe5 37. c4 Qb2 38. Kh3 Bd2 39. Bd1 Be1 40. Qe2
Qxe2 41. Bxe2 f5 0-1

[Event "XII C.to Europeo Seniores"]
[Site "Kaunas LTU"]
[Date "2012.08.18"]
[Round "1"]
[White "Rosino, Antonio"]
[Black "Janulynas, Jonas"]
[WhiteElo "2189"]
[BlackElo "1805"]
[Result "1-0"]
[PlyCount "121"]
[EventDate "2012.08.18"]

1. e4 e5 2. Nf3 Nc6 3. Nc3 Nf6 4. Bb5 Nd4 5. Ba4 Bc5 6. Nxe5 Qe7 7. Nd3 Nxe4 8.
O-O Nxc3 9. dxc3 Ne6 10. Nxc5 Nxc5 11. Re1 Ne6 12. f4 O-O 13. Be3 Qh4 14. g3
Qf6 15. c4 d6 16. c3 Rd8 17. Bc2 g6 18. f5 gxf5 19. Rf1 Ng7 20. Qd2 Re8 21. Rf2
Bd7 22. Raf1 Qg6 23. Bd4 Re7 24. Bxg7 Kxg7 25. Bxf5 Bxf5 26. Rxf5 h6 27. Qd4+
Kh7 28. Rf6 Qh5 29. R6f5 Qg6 30. Qd5 Kg8 31. Qxb7 Rae8 32. Qd5 Qe6 33. Qd4 Rf8
34. Rf6 Qe3+ 35. Qxe3 Rxe3 36. Rxh6 Re2 37. Rf2 Re4 38. Rh5 Rxc4 39. Rg5+ Kh7
40. Ra5 Rb8 41. Rxf7+ Kg6 42. Rf2 Rb7 43. h4 c6 44. Rg5+ Kh7 45. Rgf5 Rg7 46.
Rf7 Re4 47. Rxg7+ Kxg7 48. Rd2 Re6 49. Kf2 Kg6 50. g4 a5 51. Rd4 Kh6 52. Kf3
Kg6 53. Re4 Rf6+ 54. Rf4 Re6 55. g5 d5 56. Rf6+ Rxf6+ 57. gxf6 Kxf6 58. b4 axb4
59. cxb4 Ke5 60. a4 Kd4 61. h5 1-0

[Event "XII C.to Europeo Seniores"]
[Site "Kaunas LTU"]
[Date "2012.08.19"]
[Round "2"]
[White "Butnorius, Algimantas"]
[Black "Rosino, Antonio"]
[WhiteElo "2388"]
[BlackElo "2189"]
[Result "1-0"]
[PlyCount "63"]
[EventDate "2012.08.18"]

1. Nf3 Nf6 2. c4 g6 3. Nc3 d5 4. cxd5 Nxd5 5. Qa4+ Nc6 6. Ne5 Nb6 7. Nxc6 Nxa4
8. Nxd8 Nxc3 9. Nxf7 Kxf7 10. dxc3 Bg7 11. e4 Be6 12. Be2 Rhd8 13. f4 Kg8 14.
O-O c5 15. Be3 b6 16. Rfd1 Rxd1+ 17. Bxd1 Rd8 18. Bb3 Bxb3 19. axb3 Rd7 20. Kf2
e6 21. g4 Kf7 22. Kf3 Bf8 23. e5 Bh6 24. Ke4 Ke8 25. h4 Kf7 26. h5 Bg7 27.
hxg6+ hxg6 28. f5 gxf5+ 29. gxf5 exf5+ 30. Kxf5 Re7 31. Bf4 a5 32. Rd1 1-0

[Event "XII C.to Europeo Seniores"]
[Site "Kaunas LTU"]
[Date "2012.08.19"]
[Round "2"]
[White "Henrichsen, Erland"]
[Black "Pintauro, Tonino"]
[WhiteElo "1940"]
[BlackElo "1609"]
[Result "1-0"]
[PlyCount "49"]
[EventDate "2012.08.18"]

1. d4 d5 2. c4 e6 3. Nf3 Nf6 4. e3 b6 5. Nbd2 Bb7 6. Bd3 Bd6 7. O-O O-O 8. cxd5
exd5 9. Ne5 Nbd7 10. f4 c5 11. b3 Rc8 12. Ba3 Qe7 13. Qf3 cxd4 14. Bxd6 Qxd6
15. exd4 Rc3 16. Bxh7+ Nxh7 17. Qxc3 Rc8 18. Qh3 Ndf6 19. Rac1 Rd8 20. Rc2 Ne4
21. Nxf7 Kxf7 22. Qxh7 Qb4 23. Nf3 Nc3 24. Ne5+ Ke8 25. Qg6+ 1-0

[Event "XII C.to Europeo Seniores"]
[Site "Kaunas LTU"]
[Date "2012.08.19"]
[Round "2"]
[White "Petraitis, Gintautas"]
[Black "Deiana, Giacomo"]
[WhiteElo "1948"]
[BlackElo "1679"]
[Result "1-0"]
[PlyCount "73"]
[EventDate "2012.08.18"]

1. e4 c5 2. Nf3 e6 3. d4 cxd4 4. Nxd4 a6 5. c4 Nf6 6. Nc3 Qc7 7. a3 d6 8. Be2
Be7 9. O-O O-O 10. Be3 Nbd7 11. f4 b6 12. Rc1 Bb7 13. Bf3 Nc5 14. Qc2 Rac8 15.
g4 Rfd8 16. g5 Ne8 17. b4 Nd7 18. Qg2 g6 19. f5 Ne5 20. fxe6 f6 21. Nd5 Bxd5
22. cxd5 Qb8 23. Be2 Rxc1 24. Rxc1 Rc8 25. Bxa6 Rxc1+ 26. Bxc1 Qc7 27. Qb2 fxg5
28. Be2 Bf6 29. Nb5 Qc8 30. Qb1 g4 31. Bb2 h5 32. Qc1 Qd8 33. Kg2 Bg5 34. Qf1
Qe7 35. Qf2 Nf6 36. Bxe5 Nxe4 37. Qf7+ 1-0

[Event "XII C.to Europeo Seniores"]
[Site "Kaunas LTU"]
[Date "2012.08.19"]
[Round "2"]
[White "Valenti, Giuseppe"]
[Black "Lelis, Janis"]
[WhiteElo "2180"]
[BlackElo "1783"]
[Result "1-0"]
[PlyCount "81"]
[EventDate "2012.08.18"]

1. e4 e5 2. Nf3 d5 3. exd5 e4 4. Qe2 f5 5. d3 Nf6 6. dxe4 fxe4 7. Nc3 Bf5 8.
Nd4 Bg6 9. Qb5+ Nbd7 10. Ne6 Qc8 11. Bf4 Bd6 12. Bxd6 cxd6 13. Qb4 Nc5 14. Nxc5
Qxc5 15. Bb5+ Ke7 16. Qxc5 dxc5 17. a4 Kd6 18. O-O a6 19. Bc4 Rhe8 20. Rfe1 Re5
21. h3 Rae8 22. Re3 Bf7 23. Rd1 h6 24. a5 R8e7 25. Re2 Bh5 26. g4 Nxg4 27. hxg4
Bxg4 28. Rde1 Bxe2 29. Rxe2 g5 30. Re3 g4 31. Bf1 h5 32. Bg2 h4 33. Nxe4+ Kxd5
34. Nf6+ Ke6 35. Nxg4 Rxe3 36. Nxe3 Ke5 37. Kh2 Rf7 38. Kh3 Kd4 39. Ng4 Rh7 40.
f4 Rf7 41. c3+ 1-0

[Event "XII C.to Europeo Seniores"]
[Site "Kaunas LTU"]
[Date "2012.08.19"]
[Round "2"]
[White "Zilbershtein, Victor"]
[Black "Guaglianone, Mario"]
[WhiteElo "1836"]
[BlackElo "2027"]
[Result "0-1"]
[PlyCount "40"]
[EventDate "2012.08.18"]

1. e4 g6 2. d4 Bg7 3. f4 d6 4. Nf3 Nd7 5. e5 c5 6. c3 Nh6 7. Bc4 O-O 8. O-O Nb6
9. Be2 Qc7 10. Nbd2 cxd4 11. cxd4 Be6 12. Ne4 Rac8 13. Nc3 Bc4 14. Nd2 Bxe2 15.
Qxe2 Nf5 16. Nf3 Qc4 17. Qf2 h5 18. h3 h4 19. Rd1 dxe5 20. dxe5 Rcd8 0-1

[Event "XII C.to Europeo Seniores"]
[Site "Kaunas LTU"]
[Date "2012.08.20"]
[Round "3"]
[White "Birkestrand, Odd"]
[Black "Pintauro, Tonino"]
[WhiteElo "1862"]
[BlackElo "1609"]
[Result "1/2-1/2"]
[PlyCount "44"]
[EventDate "2012.08.18"]

1. e4 e6 2. d4 d5 3. e5 c5 4. c3 Qb6 5. Nf3 Nc6 6. Bd3 Bd7 7. dxc5 Bxc5 8. O-O
Qc7 9. b4 Bb6 10. Re1 a6 11. a4 Nge7 12. Ba3 Ng6 13. Bxg6 hxg6 14. b5 Na5 15.
bxa6 bxa6 16. Bb4 Nc4 17. Nbd2 a5 18. Nxc4 Qxc4 19. Bd6 Rc8 20. Ra3 Bc5 21.
Bxc5 Rxc5 22. Qd4 Qxd4 1/2-1/2

[Event "XII C.to Europeo Seniores"]
[Site "Kaunas LTU"]
[Date "2012.08.20"]
[Round "3"]
[White "Deiana, Giacomo"]
[Black "Johnsen, Oystein"]
[WhiteElo "1679"]
[BlackElo "1885"]
[Result "0-1"]
[PlyCount "106"]
[EventDate "2012.08.18"]

1. c4 Nf6 2. Nc3 e6 3. e4 d6 4. Nf3 c5 5. d4 cxd4 6. Nxd4 Nc6 7. Be2 Be7 8. O-O
O-O 9. Be3 Nxd4 10. Bxd4 Bd7 11. Rc1 Bc6 12. f3 Qd7 13. b4 b6 14. a4 Rfd8 15.
Qb3 h6 16. Rfd1 Qe8 17. b5 Bb7 18. a5 Nd7 19. Ra1 Nc5 20. Qb2 Rd7 21. Na4 Nxa4
22. Rxa4 e5 23. Be3 Bd8 24. axb6 Bxb6 25. Bxb6 axb6 26. Rda1 Rxa4 27. Rxa4 Qc8
28. Qd2 Qc5+ 29. Kf1 Kf8 30. Qe1 g6 31. Qh4 Kg7 32. Qf2 Qxf2+ 33. Kxf2 f5 34.
Ra7 Kf6 35. g3 Ke6 36. exf5+ gxf5 37. Ra1 Rc7 38. Rd1 Rc5 39. Ke3 d5 40. cxd5+
Bxd5 41. Rd2 Rc1 42. f4 e4 43. Rd1 Rxd1 44. Bxd1 Bc4 45. g4 Bxb5 46. gxf5+ Kxf5
47. h3 Bd3 48. Bb3 b5 49. Bg8 b4 50. Bh7+ Kf6 51. Kd4 b3 52. Kc3 Bc2 53. Kb2 e3
0-1

[Event "XII C.to Europeo Seniores"]
[Site "Kaunas LTU"]
[Date "2012.08.20"]
[Round "3"]
[White "Guaglianone, Mario"]
[Black "Kristiansen, Erling"]
[WhiteElo "2027"]
[BlackElo "2203"]
[Result "0-1"]
[PlyCount "104"]
[EventDate "2012.08.18"]

1. Nf3 Nf6 2. d4 e6 3. Bf4 c5 4. e3 Nc6 5. c3 d5 6. Nbd2 Be7 7. Bd3 Nh5 8. Bg3
Nxg3 9. hxg3 g6 10. Qe2 cxd4 11. exd4 a6 12. a3 Bd7 13. Ne5 Nxe5 14. dxe5 Qb6
15. Nf3 Bc5 16. b4 Be7 17. O-O Rc8 18. Rfc1 O-O 19. c4 dxc4 20. Bxc4 Rc7 21.
Bd3 Rfc8 22. Rxc7 Qxc7 23. Ra2 Ba4 24. Nd2 b5 25. f4 Qc1+ 26. Qf1 Qc3 27. Ne4
Qd4+ 28. Kh2 Qe3 29. Qf3 Qd4 30. g4 Bb3 31. Rd2 Bd5 32. Qf2 Qxf2 33. Rxf2 Bxe4
34. Bxe4 Rc3 35. Ra2 Bh4 36. Bf3 Rb3 37. g5 h6 38. gxh6 Kh7 39. Kh3 Be1 40. Kg4
Kxh6 41. a4 Bxb4 42. axb5 axb5 43. Ra7 Kg7 44. Rb7 Bd2 45. Kg3 Rd3 46. Kg4 Be1
47. Kh3 Rd4 48. Kg4 Bd2 49. g3 Be1 50. Be2 g5 51. Rc7 gxf4 52. gxf4 b4 0-1

[Event "XII C.to Europeo Seniores"]
[Site "Kaunas LTU"]
[Date "2012.08.20"]
[Round "3"]
[White "Rosino, Antonio"]
[Black "Koskinen, Veikko"]
[WhiteElo "2189"]
[BlackElo "1976"]
[Result "1/2-1/2"]
[PlyCount "144"]
[EventDate "2012.08.18"]

1. e4 c6 2. d4 d5 3. Nd2 dxe4 4. Nxe4 Nf6 5. Nxf6+ gxf6 6. c3 Bf5 7. Ne2 Nd7 8.
Ng3 Bg6 9. h4 h5 10. Be2 Qa5 11. b4 Qc7 12. Nxh5 O-O-O 13. Ng3 Kb8 14. Qb3 e6
15. h5 Bh7 16. Be3 Bd6 17. Nf1 f5 18. g3 f4 19. gxf4 Bxf4 20. O-O-O Nf6 21. Rh4
Nd5 22. c4 Nxe3 23. Nxe3 e5 24. Kb2 Rxd4 25. Rxd4 exd4 26. Nc2 Be5 27. Bd3 Qe7
28. Rh3 f5 29. Ne1 Bf6 30. Nf3 Rg8 31. Rh2 Rg4 32. a3 Rf4 33. Qd1 Rg4 34. Kc2
a6 35. Qe2 Qxe2+ 36. Bxe2 Rg8 37. Bd3 Rg4 38. h6 Rf4 39. Rh3 Kc7 40. Kd2 Kd6
41. Ke2 Ke7 42. Rh5 Bg6 43. Rh1 Bh7 44. Rg1 Rg4 45. Rxg4 fxg4 46. Bxh7 gxf3+
47. Kxf3 Bg5 48. Bf5 Bxh6 49. Bc8 b6 50. Bxa6 Kd6 51. Ke4 c5 52. bxc5+ Kxc5 53.
Kd3 Bc1 54. a4 Bh6 55. Bb5 Bg5 56. Ke4 Bh6 57. Kd3 Bg5 58. Be8 Bh6 59. Bh5 Bg5
60. Be2 Bh6 61. Ke4 Bg7 62. f4 Kb4 63. Kd5 Kxa4 64. Kc6 Ka5 65. f5 Bf6 66. Bd3
Be7 67. Kd5 Bc5 68. f6 Kb4 69. f7 Kc3 70. Ke4 Bf8 71. Be2 Bc5 72. Bf1 Bf8
1/2-1/2

[Event "XII C.to Europeo Seniores"]
[Site "Kaunas LTU"]
[Date "2012.08.21"]
[Round "4"]
[White "Gousseinov, Aguif"]
[Black "Rosino, Antonio"]
[WhiteElo "2017"]
[BlackElo "2189"]
[Result "0-1"]
[PlyCount "60"]
[EventDate "2012.08.18"]

1. e4 Nf6 2. Nc3 e5 3. Nf3 Bb4 4. a3 Bxc3 5. dxc3 Nc6 6. Bc4 O-O 7. O-O d6 8.
Qe2 Be6 9. Bg5 h6 10. Bxf6 Qxf6 11. Rad1 Ne7 12. Bb3 Ng6 13. Ne1 Nf4 14. Qf3
Qg5 15. Bxe6 fxe6 16. Nd3 Nh5 17. Qe3 Nf4 18. Ne1 Rf6 19. Kh1 Rg6 20. Rd2 Qh5
21. g3 Nh3 22. Kg2 b6 23. Qf3 Qg5 24. Qe3 Qxe3 25. fxe3 Ng5 26. Rdf2 Nxe4 27.
Rf7 Rc8 28. Re7 Rf6 29. Nd3 Rxf1 30. Kxf1 Kf8 0-1

[Event "XII C.to Europeo Seniores"]
[Site "Kaunas LTU"]
[Date "2012.08.21"]
[Round "4"]
[White "Johnsen, Oystein"]
[Black "Guaglianone, Mario"]
[WhiteElo "1885"]
[BlackElo "2027"]
[Result "1-0"]
[PlyCount "109"]
[EventDate "2012.08.18"]

1. d4 c5 2. dxc5 e6 3. Nf3 Bxc5 4. c4 Nf6 5. Nc3 O-O 6. e3 Nc6 7. a3 d5 8. b4
Be7 9. cxd5 exd5 10. Be2 Be6 11. Bb2 Rc8 12. O-O Ne4 13. Nb5 Bf6 14. Nbd4 Nxd4
15. Bxd4 Nc3 16. Qd2 Nxe2+ 17. Qxe2 Bg4 18. h3 Bh5 19. Qb2 Bxd4 20. Nxd4 Qf6
21. Ra2 Bg6 22. Qd2 a6 23. Rd1 Rfd8 24. b5 h5 25. Rb2 h4 26. Qa5 Rd6 27. a4 Be4
28. Qd2 g5 29. f3 Bg6 30. Ne2 Rcd8 31. Rc1 R8d7 32. Qd4 Qxd4 33. Nxd4 axb5 34.
axb5 Rb6 35. Rc3 Kf8 36. Kf2 Ke7 37. g4 hxg3+ 38. Kxg3 Kd6 39. h4 gxh4+ 40.
Kxh4 Rc7 41. Rxc7 Kxc7 42. Kg5 Kd6 43. Rd2 Kc5 44. f4 Be4 45. f5 f6+ 46. Kh6
Kc4 47. Kg7 Kc3 48. Rh2 Bd3 49. Rh6 Bxf5 50. Nxf5 Rxb5 51. Kxf6 Kd3 52. Rh4 Rc5
53. Rd4+ Kc3 54. Ke5 Rc8 55. Nd6 1-0

[Event "XII C.to Europeo Seniores"]
[Site "Kaunas LTU"]
[Date "2012.08.21"]
[Round "4"]
[White "Pintauro, Tonino"]
[Black "Wicklund-Hansen, Richard"]
[WhiteElo "1609"]
[BlackElo "1847"]
[Result "0-1"]
[PlyCount "105"]
[EventDate "2012.08.18"]

1. d4 g6 2. c4 d6 3. Nc3 Bg7 4. e4 Nf6 5. Nf3 O-O 6. Be2 Nbd7 7. O-O Re8 8. h3
b6 9. Be3 Bb7 10. d5 c6 11. Qd2 Rc8 12. Rac1 cxd5 13. exd5 Nc5 14. Qc2 e6 15.
dxe6 Nxe6 16. Rfd1 Qe7 17. Nb5 Be4 18. Qd2 d5 19. b3 a6 20. Nbd4 Nxd4 21. Nxd4
dxc4 22. Bxc4 b5 23. Bd3 Bb7 24. Rxc8 Rxc8 25. Rc1 Qd7 26. Rxc8+ Qxc8 27. Qc2
Qxc2 28. Nxc2 Nd5 29. Bd4 Bxd4 30. Nxd4 f5 31. Ne6 Bc8 32. Nc5 Kf7 33. a4 Nb4
34. Be2 bxa4 35. bxa4 Ke7 36. Bc4 Kd6 37. Nb3 Be6 38. Bxe6 Kxe6 39. Kf1 Kd5 40.
Ke2 Kc4 41. Nd2+ Kc3 42. Ke3 Nd5+ 43. Ke2 Kb4 44. Kd3 Nf4+ 45. Kd4 Nxg2 46. Ke5
Kxa4 47. Kf6 Nf4 48. h4 h6 49. h5 gxh5 50. Kxf5 Ng2 51. Ke4 Kb4 52. f4 Nxf4 53.
Kxf4 0-1

[Event "XII C.to Europeo Seniores"]
[Site "Kaunas LTU"]
[Date "2012.08.22"]
[Round "5"]
[White "Guaglianone, Mario"]
[Black "Johansen, Bjorn"]
[WhiteElo "2027"]
[BlackElo "1718"]
[Result "1-0"]
[PlyCount "76"]
[EventDate "2012.08.18"]

1. Nf3 Nf6 2. g3 Nc6 3. Bg2 e5 4. d3 d5 5. Nbd2 h6 6. e4 dxe4 7. dxe4 Bg4 8. c3
Bc5 9. h3 Be6 10. Qe2 Qe7 11. b4 Bd6 12. O-O a6 13. a3 Qd7 14. Kh2 Ne7 15. c4
Ng6 16. c5 Be7 17. Bb2 b6 18. cxb6 cxb6 19. Nxe5 Nxe5 20. Bxe5 O-O 21. Rfd1 b5
22. f4 Rac8 23. f5 Rc2 24. fxe6 fxe6 25. Bf4 Rfc8 26. Qe1 Qe8 27. Nf1 Qh5 28.
Rd2 e5 29. Be3 g5 30. Rxc2 Rxc2 31. Qd1 Qxd1 32. Rxd1 Ra2 33. Bc1 Nxe4 34. Kg1
Nf6 35. Ne3 e4 36. Nd5 Nxd5 37. Rxd5 Rc2 38. Rd1 Rc4 1-0

[Event "XII C.to Europeo Seniores"]
[Site "Kaunas LTU"]
[Date "2012.08.22"]
[Round "5"]
[White "Rosino, Antonio"]
[Black "Postler, Reinhard"]
[WhiteElo "2189"]
[BlackElo "2268"]
[Result "0-1"]
[PlyCount "82"]
[EventDate "2012.08.18"]

1. e4 c5 2. Nf3 e6 3. c3 Nf6 4. e5 Nd5 5. d4 cxd4 6. cxd4 b6 7. Bd3 Bb7 8. Nc3
Nxc3 9. bxc3 Qc7 10. O-O d6 11. Bf4 Nd7 12. Bb5 a6 13. exd6 Bxd6 14. Bxd6 Qxd6
15. Bxd7+ Qxd7 16. Ne5 Qd5 17. Qg4 O-O 18. c4 Qd6 19. Rad1 Rac8 20. Rd3 f6 21.
Rg3 Qe7 22. Nd3 Rxc4 23. Nf4 Bc8 24. Qd1 Qd6 25. Ne2 Bb7 26. Rd3 b5 27. Qd2 Rd8
28. Rd1 b4 29. f3 a5 30. Qe3 Rc2 31. a3 Bd5 32. axb4 axb4 33. Nf4 Bc4 34. R3d2
Rc3 35. Qe4 b3 36. Ne2 Bxe2 37. Rxe2 e5 38. d5 Qc5+ 39. Kf1 Qb5 40. d6 b2 41.
Qb1 Rxd6 0-1

[Event "XII C.to Europeo Seniores"]
[Site "Kaunas LTU"]
[Date "2012.08.22"]
[Round "5"]
[White "Sevenyuk, Alexey"]
[Black "Valenti, Giuseppe"]
[WhiteElo "1925"]
[BlackElo "2180"]
[Result "0-1"]
[PlyCount "77"]
[EventDate "2012.08.18"]

1. e4 c5 2. Nc3 e6 3. g3 Nc6 4. Bg2 g6 5. d3 Bg7 6. Be3 Nd4 7. Nce2 Qb6 8. c3
Nxe2 9. Qxe2 d6 10. Nf3 Ne7 11. d4 cxd4 12. Bxd4 Bxd4 13. Nxd4 a6 14. O-O e5
15. Nf3 h6 16. Qd2 Be6 17. b3 Kf8 18. Rfd1 Nc8 19. c4 Kg7 20. Rac1 Qc7 21. Qc3
b6 22. b4 a5 23. a3 axb4 24. axb4 f6 25. Ne1 Rd8 26. Nd3 Na7 27. b5 Rac8 28.
Nb2 Nxb5 29. Qb4 Nd4 30. Re1 b5 31. f4 Qc5 32. Qxc5 Rxc5 33. Bf1 bxc4 34. Na4
Ra5 35. Nc3 Rb8 36. Rb1 Rb3 37. Rec1 Raa3 38. Nd5 Bxd5 39. exd5 0-1

[Event "XII C.to Europeo Seniores"]
[Site "Kaunas LTU"]
[Date "2012.08.23"]
[Round "6"]
[White "Lindblom, Roar"]
[Black "Guaglianone, Mario"]
[WhiteElo "1920"]
[BlackElo "2027"]
[Result "0-1"]
[PlyCount "78"]
[EventDate "2012.08.18"]

1. d4 g6 2. c4 Bg7 3. Nc3 d6 4. e4 Nd7 5. f4 e6 6. Nf3 Ne7 7. Be2 a6 8. O-O c5
9. d5 exd5 10. Nxd5 Nxd5 11. exd5 Nf6 12. Bd3 O-O 13. Rb1 Re8 14. Re1 Bg4 15.
Bd2 Qd7 16. Rxe8+ Rxe8 17. Bc3 Re3 18. Qd2 Rxd3 19. Qxd3 Bf5 20. Qf1 Bxb1 21.
Qxb1 Qg4 22. Qc1 Nh5 23. Bd2 h6 24. b3 Bf6 25. a3 Ng7 26. Qe1 Qf5 27. h3 Qc2
28. Qe3 Nf5 29. Qe8+ Kg7 30. Be1 Qxb3 31. Nd2 Bd4+ 32. Kh2 Qe3 33. Qxe3 Nxe3
34. g4 b5 35. cxb5 axb5 36. Ne4 Nc4 37. Kg2 Bb2 38. f5 gxf5 39. gxf5 Ne3+ 0-1

[Event "XII C.to Europeo Seniores"]
[Site "Kaunas LTU"]
[Date "2012.08.23"]
[Round "6"]
[White "Mortensen, Steen Juul"]
[Black "Rosino, Antonio"]
[WhiteElo "2031"]
[BlackElo "2189"]
[Result "1/2-1/2"]
[PlyCount "64"]
[EventDate "2012.08.18"]

1. d4 Nf6 2. c4 g6 3. Nc3 d5 4. Nf3 Bg7 5. Qa4+ c6 6. cxd5 Nxd5 7. e3 O-O 8.
Be2 Nd7 9. O-O N5b6 10. Qc2 e5 11. Rd1 Qe7 12. b3 Re8 13. dxe5 Nxe5 14. Bb2 Be6
15. Rd2 a5 16. Rad1 Nd5 17. Nxd5 Bxd5 18. Nxe5 Bxe5 19. Bxe5 Qxe5 20. Bc4 Be4
21. Bd3 Rad8 22. Bxe4 Rxd2 23. Qxd2 Qxe4 24. Qxa5 Re5 25. Qd8+ Kg7 26. Qd4 Qxd4
27. Rxd4 Rc5 28. Kf1 Rc2 29. Rb4 Rxa2 30. Rxb7 h5 31. Rc7 Rb2 32. Rxc6 Rxb3
1/2-1/2

[Event "XII C.to Europeo Seniores"]
[Site "Kaunas LTU"]
[Date "2012.08.23"]
[Round "6"]
[White "Pintauro, Tonino"]
[Black "Reutimann, Hans Peter"]
[WhiteElo "1609"]
[BlackElo "1785"]
[Result "1/2-1/2"]
[PlyCount "82"]
[EventDate "2012.08.18"]

1. d4 d5 2. c4 c6 3. Nc3 Nf6 4. e3 Bf5 5. Nf3 e6 6. a3 Nbd7 7. Be2 Bd6 8. O-O
Ne4 9. Bd3 Qf6 10. Qc2 Nxc3 11. Qxc3 Bg4 12. Be2 O-O 13. c5 Bc7 14. Re1 e5 15.
h3 Be6 16. dxe5 Nxe5 17. Nxe5 Bxe5 18. Qd2 Rad8 19. Rb1 Qe7 20. f4 Bf6 21. b4
Bh4 22. Rf1 f5 23. Bb2 Bf6 24. Bxf6 Qxf6 25. Qb2 Qh4 26. Bf3 Rd7 27. Rbd1 Rfd8
28. Qd4 Bf7 29. Rd2 Re7 30. Re2 Bh5 31. Kh2 Bxf3 32. Rxf3 Re4 33. Qb2 Qe7 34.
Qb3 Kf8 35. Rd2 Re8 36. Rd3 Rc4 37. Rc3 Re4 38. Rd3 Qc7 39. Rg3 h6 40. Qc3 R8e7
41. Rf3 b6 1/2-1/2

[Event "XII C.to Europeo Seniores"]
[Site "Kaunas LTU"]
[Date "2012.08.23"]
[Round "6"]
[White "Valenti, Giuseppe"]
[Black "Hvenekilde, Jorgen"]
[WhiteElo "2180"]
[BlackElo "2103"]
[Result "1-0"]
[PlyCount "87"]
[EventDate "2012.08.18"]

1. e4 g6 2. d4 Bg7 3. Nf3 d6 4. h3 Nd7 5. c3 e6 6. Bd3 Ne7 7. O-O a6 8. Re1 h6
9. Nbd2 b6 10. Qe2 Bb7 11. a4 O-O 12. b4 d5 13. e5 c5 14. bxc5 bxc5 15. Ba3 Qc7
16. Rec1 Rfb8 17. Bc2 Nc6 18. h4 a5 19. h5 Ba6 20. Qe3 g5 21. Nh2 Qd8 22. Nb3
cxd4 23. cxd4 Nb4 24. Bb1 Rc8 25. Re1 Rc6 26. Qd2 Rb8 27. Ng4 Rc4 28. Ne3 Rc6
29. Rc1 Rxc1+ 30. Qxc1 Rc8 31. Qd2 Bf8 32. Ng4 f5 33. exf6 Nxf6 34. Nxf6+ Qxf6
35. Nxa5 Qf4 36. Qe1 Qxd4 37. Nb3 Qb6 38. a5 Qd6 39. Bxb4 Qxb4 40. Qxe6+ Kh8
41. Qxa6 Qe1+ 42. Qf1 Qc3 43. Qd1 Rb8 44. Ba2 1-0

[Event "XII C.to Europeo Seniores"]
[Site "Kaunas LTU"]
[Date "2012.08.24"]
[Round "7"]
[White "Guaglianone, Mario"]
[Black "Tchetchelnitski, Boris"]
[WhiteElo "2027"]
[BlackElo "2195"]
[Result "0-1"]
[PlyCount "102"]
[EventDate "2012.08.18"]

1. g3 g6 2. Bg2 Bg7 3. e4 c5 4. Ne2 Nc6 5. O-O e6 6. d3 Nge7 7. c3 O-O 8. a4 d5
9. f4 b6 10. Na3 Rb8 11. Qc2 a6 12. Be3 Bb7 13. g4 f5 14. h3 Ba8 15. exf5 exf5
16. d4 c4 17. Rae1 Qd7 18. g5 Nd8 19. Nb1 Nf7 20. Nd2 Bc6 21. Ra1 Qe6 22. Bf2
Nc8 23. Rfe1 Ncd6 24. Ng3 Qd7 25. Nf3 Ne4 26. Nxe4 fxe4 27. Ne5 Bxe5 28. dxe5
Nd8 29. Bg3 Ne6 30. Rf1 Rbd8 31. a5 b5 32. Rad1 Qe7 33. h4 Ng7 34. Qe2 Ne6 35.
Bh2 Ng7 36. Bg3 Bb7 37. Kh2 Bc8 38. Be1 Ne6 39. Qe3 Nc5 40. Bg3 Nd3 41. Rd2 Qc7
42. Ra1 Nc5 43. Rf2 Bf5 44. Bh3 Bxh3 45. Kxh3 Qd7+ 46. Kg2 Nd3 47. Re2 Rb8 48.
h5 Qg4 49. Rf1 gxh5 50. f5 Rxf5 51. Rxf5 Qxf5 0-1

[Event "XII C.to Europeo Seniores"]
[Site "Kaunas LTU"]
[Date "2012.08.24"]
[Round "7"]
[White "Pintauro, Tonino"]
[Black "Zilbershtein, Victor"]
[WhiteElo "1609"]
[BlackElo "1836"]
[Result "1/2-1/2"]
[PlyCount "39"]
[EventDate "2012.08.18"]

1. d4 Nf6 2. c4 c5 3. e3 cxd4 4. exd4 d5 5. c5 Qc7 6. Nc3 a6 7. Nf3 Nc6 8. Be2
g6 9. h3 Bg7 10. O-O O-O 11. Be3 e6 12. a3 Nd7 13. Qd2 b6 14. b4 bxc5 15. bxc5
Rd8 16. Rab1 Ne7 17. Na4 e5 18. Nb6 Rb8 19. Rfc1 Bb7 20. Qa5 1/2-1/2

[Event "XII C.to Europeo Seniores"]
[Site "Kaunas LTU"]
[Date "2012.08.24"]
[Round "7"]
[White "Rosino, Antonio"]
[Black "Sollid, Stein"]
[WhiteElo "2189"]
[BlackElo "2026"]
[Result "1-0"]
[PlyCount "115"]
[EventDate "2012.08.18"]

1. e4 e5 2. Nc3 Bc5 3. Nf3 d6 4. d4 exd4 5. Nxd4 Nc6 6. Be3 Bb6 7. Bc4 Nf6 8.
Nxc6 bxc6 9. Bg5 O-O 10. Qf3 Bd4 11. O-O Re8 12. Rfe1 Be6 13. Bd3 Rb8 14. Rab1
h6 15. Bd2 Ng4 16. Re2 Nxh2 17. Kxh2 Qh4+ 18. Kg1 Bg4 19. Qf4 g5 20. Qh2 Qxh2+
21. Kxh2 Bxc3 22. Bxc3 Bxe2 23. Bxe2 Rxe4 24. Bd3 Re6 25. g4 d5 26. Bf5 Re2 27.
Kg3 c5 28. Kf3 Rbe8 29. Rh1 d4 30. Ba5 Kg7 31. Bxc7 Re1 32. Rxe1 Rxe1 33. Bd6
c4 34. Bc5 f6 35. Bxd4 a6 36. Bc8 a5 37. Ba6 Rc1 38. Bxc4 Rxc2 39. Bc3 a4 40.
a3 Rc1 41. Bb5 Rh1 42. Bxa4 h5 43. gxh5 Rxh5 44. Bc2 Kf7 45. a4 Ke6 46. a5 Rh1
47. a6 f5 48. Bd4 Ra1 49. Bb3+ Kd6 50. Bc4 Kc6 51. a7 Ra5 52. Be6 Kb7 53. b4
Ra3+ 54. Kg2 Kc6 55. Bxf5 Kd5 56. Bc5 Kc4 57. Be4 Rxa7 58. Bxa7 1-0

[Event "XII C.to Europeo Seniores"]
[Site "Kaunas LTU"]
[Date "2012.08.25"]
[Round "8"]
[White "Ibragimov, Eduard"]
[Black "Pintauro, Tonino"]
[WhiteElo "1782"]
[BlackElo "1609"]
[Result "1/2-1/2"]
[PlyCount "121"]
[EventDate "2012.08.18"]

1. e4 e6 2. d4 d5 3. Nd2 Nf6 4. e5 Nfd7 5. f4 c5 6. c3 Qb6 7. Ngf3 Nc6 8. Nb3
cxd4 9. cxd4 Bb4+ 10. Kf2 O-O 11. Bd3 f6 12. exf6 Nxf6 13. a3 Bd6 14. Re1 Ng4+
15. Kg3 Nh6 16. h4 Qc7 17. Ne5 Ne7 18. Kh3 Qd8 19. g3 Nhf5 20. Rg1 Nc6 21. Bc2
Qb6 22. Nf3 Bd7 23. Qd3 g6 24. g4 Nfe7 25. f5 exf5 26. g5 f4+ 27. Kg2 Bf5 28.
Qe2 Bg4 29. Qf2 Nf5 30. Bxf5 Bxf3+ 31. Qxf3 Rxf5 32. Rd1 Re8 33. Bd2 Nxd4 34.
Nxd4 Qxd4 35. Bc3 Qe4 36. Rd3 Bc5 37. Rad1 Qe2+ 38. Kh3 Re3 39. Rxe3 Qxe3 40.
Kg4 Qxf3+ 41. Kxf3 Bd6 42. Re1 Kf7 43. Bf6 Bc5 44. b4 Bd6 45. Re2 b6 46. Re1 a5
47. bxa5 bxa5 48. a4 Bc5 49. Rd1 Ke6 50. Re1+ Kd7 51. Rb1 Bb4 52. Rd1 Be7 53.
Bc3 Bd8 54. Bd4 Bc7 55. Bf6 Bd8 56. Bc3 Bc7 57. Bd4 Rf7 58. Re1 Kd6 59. Rb1 Ke6
60. Re1+ Kd7 61. Rb1 1/2-1/2